ÜÇ SİLAHŞÖRLER (Record no. 756066)

MARC details
000 -LEADER
sabit uzunluktaki kontrol alanı 00249nam a2200097Ia 4500
001 - KONTROL NUMARASI
kontrol alanı 756066
005 - EN SON İŞLEMİN TARİH VE ZAMANI
kontrol alanı 20250826164811.0
008 - SABİT-UZUNLUKTA VERİ ÖĞELERİ--GENEL BİLGİ
sabit uzunluktaki kontrol alanı 250824s9999 xx 000 0 und d
245 #0 - ESER / YAZAR
ESER ADI ÜÇ SİLAHŞÖRLER
Yazar Adı ALEXANDRE DUMAS
260 ## - YAYIN, DAĞITIM, VB.
YAYIN EVİ LACİVERT YAYINCILIK
Holdings
Düşüm durumu Kayıp durumu Hasar Durumu Ödünç verilmez Ana kütüphane Geçerli Kütüphane Edinilen tarih Toplam ödünç verme sayısı Barkod Son görüntüleme tarihi Fiyatın geçerli olmaya başladığı tarih Koha materyal türü
        BOSNA HERSEK ANADOLU İMAM HATİP LİSESİ BOSNA HERSEK ANADOLU İMAM HATİP LİSESİ 24.08.2025   1035922 26.08.2025 26.08.2025 Books